| 000 | 00437nam a22001697a 4500 | ||
|---|---|---|---|
| 003 | OSt | ||
| 005 | 20211112152447.0 | ||
| 008 | 211112b |||||||| |||| 00| 0 eng d | ||
| 020 | _a0-7817-4231-5 | ||
| 040 |
_aDDC _cHU |
||
| 082 |
_21ST _a616.0076 _b2 |
||
| 100 |
_aAUTH PATRICK C. _918165 |
||
| 245 | _aPHYSICIAN ASSISTANT REVIEW | ||
| 250 | _a1ST | ||
| 260 |
_aNEW YORK _bLIPPINCOTT WILLIAMS AND WILKINS _c2001 |
||
| 942 |
_2ddc _cBOOKS _n0 |
||
| 999 |
_c18013 _d18013 |
||